|
|
|
|
| LEADER |
00701nab a2200181 i 4500 |
| 001 |
misc12271 |
| 005 |
20191106141614.0 |
| 008 |
170607s1969 hu o 0|| hun d |
| 022 |
|
|
|a 0025-0260
|
| 040 |
|
|
|a SZTE Miscellanea Repozitórium
|b hun
|
| 041 |
|
|
|a hun
|
| 100 |
1 |
|
|a Kiss Árpád
|
| 245 |
1 |
0 |
|a Fejlődésünk távlatai és az iskola
|h [elektronikus dokumentum] /
|c Kiss Árpád
|
| 260 |
|
|
|c 1969
|
| 300 |
|
|
|a 359-368
|
| 490 |
0 |
|
|a Magyar pedagógia : a Magyar Tudományos Akadémia Pedagógiai Bizottságának folyóirata
|v 69 No. 4
|
| 695 |
|
|
|a Veres Pálné, Neveléselmélet kutatás helyzete 1969, Iskola
|
| 856 |
4 |
0 |
|u http://misc.bibl.u-szeged.hu/12271/1/mp_1969_004_4761_359-368.pdf
|z Dokumentum-elérés
|